Reduce the immaturity period of rubber tree, Hevea brasiliensis (Record no. 49196)
[ view plain ]
| 000 -LEADER | |
|---|---|
| fixed length control field | 00337nam a2200121Ia 4500 |
| 100 ## - MAIN ENTRY--AUTHOR NAME | |
| Personal name | Marattukalam J.G. |
| 245 #0 - TITLE STATEMENT | |
| Title | Reduce the immaturity period of rubber tree, Hevea brasiliensis |
| 260 ## - PUBLICATION, DISTRIBUTION, ETC. (IMPRINT) | |
| Name of publisher | Rubber Reporter |
| Year of publication | 1981 |
| 300 ## - PHYSICAL DESCRIPTION | |
| Number of Pages | 113-114 |
| 650 ## - SUBJECT ADDED ENTRY--TOPICAL TERM | |
| Topical Term | Immaturity period |
| 942 ## - ADDED ENTRY ELEMENTS (KOHA) | |
| Koha item type | Bibliography STAF |
| Withdrawn status | Lost status | Damaged status | Not for loan | Home library | Current library | Shelving location | Date acquired | Serial Enumeration / chronology | Koha item type |
|---|---|---|---|---|---|---|---|---|---|
| Bibliography | RRII Library | RRII Library | Botany | 09/04/2014 | Volume 6, Issue | Bibliography STAF |